Score 0/9 Timer 04:00
0 Plays Today
% Correct
Forest Temple
94.7%
Goron Mines
91.7%
Temple of Time
91.7%
Lakebed Temple
90.9%
City in the Sky
90.2%
Hyrule Castle
90.2%
Arbiter's Grounds
85.6%
Snowpeak Ruins
82.6%
Palace of Twilight
75%
Remove Ads.
Support Sporcle.
Get the best of Sporcle when you Go Orange. This ad-free experience offers more features, more stats, and more fun while also helping to support Sporcle. Thank you for becoming a member.

You're not logged in!

Compare scores with friends on all Sporcle quizzes.
OR
Log In

Show Comments

Extras

Top Quizzes Today


Score Distribution

Your Account Isn't Verified!

In order to create a playlist on Sporcle, you need to verify the email address you used during registration. Go to your Sporcle Settings to finish the process.

Report this User

Report this user for behavior that violates our Community Guidelines.

Details: